| 000 | 01630cam a2200313 i 4500 | ||
|---|---|---|---|
| 001 | 17899165 | ||
| 005 | 20170105102935.0 | ||
| 008 | 130924s2014 nyuab b 000 0 eng c | ||
| 010 | _a 2013036644 | ||
| 020 | _a9780199401130 (hardback : alkaline paper) | ||
| 040 |
_aICU/DLC _beng _cICU _erda _dDLC |
||
| 042 | _apcc | ||
| 043 | _aa-pk--- | ||
| 050 | 0 | 0 |
_aUA853.P18 _bF35 2014 |
| 082 | 0 | 0 |
_a355.03355491 _223 _bFAI 2014 |
| 100 | 1 |
_aFair, C. Christine, _eauthor. |
|
| 245 | 1 | 0 |
_aFighting to the end : _bthe Pakistan Army's way of war / _cC. Christine Fair. |
| 300 |
_axv, 347 pages : _billustrations, maps ; _c25 cm |
||
| 504 | _aIncludes bibliographical references(pages 307-332) | ||
| 505 | 0 | _aIntroduction -- Can strategic culture explain the Pakistan Army's persistent revisionism? -- Born an insecure state -- The Army's defense of Pakistan's 'ideological frontiers' -- Pakistan's quest for strategic depth -- India under the Pakistan Army's gaze -- Seeking security through alliances -- Seeking security under a nuclear umbrella -- Jihad under the nuclear umbrella -- Is the past prologue -- The Army's strategic culture and implications for international security. | |
| 610 | 1 | 0 |
_aPakistan. _bArmy. |
| 650 | 0 |
_aNational security _zPakistan. |
|
| 650 | 0 |
_aIslam and state _zPakistan. |
|
| 651 | 0 |
_aPakistan _xMilitary policy. |
|
| 651 | 0 |
_aPakistan _xForeign relations. |
|
| 906 |
_a7 _bcbc _corignew _d1 _eecip _f20 _gy-gencatlg |
||
| 942 |
_2ddc _cBK |
||
| 999 |
_c16227 _d16227 |
||